000 00345 a2200157 4500
001 62410
020 _a8535906185
040 _cAnchieta - Pituba
100 _aBelloto, Tony
240 1 0 _aBellini e os espíritos
_lpor
245 1 0 _aBellini e os espíritos
300 _a261
362 0 _a2005
650 4 _aFicção brasileira
942 _cBK
999 _c62410
_d62410